Central Library OPAC University of Rajshahi

In search of Scotland / (Record no. 23410)

MARC details
000 -LEADER
fixed length control field 00691nam a22002412a 4500
001 - CONTROL NUMBER
control field 23410
003 - CONTROL NUMBER IDENTIFIER
rucl marc code BD-RjUL
005 - DATE AND TIME OF LATEST TRANSACTION
control field 20211209000927.0
008 - FIXED-LENGTH DATA ELEMENTS--GENERAL INFORMATION
fixed length control field 140310t1947 e 001 0 eng c
035 ## - SYSTEM CONTROL NUMBER
System control number (BD-RjUL)23475
040 ## - CATALOGING SOURCE
Original cataloging agency WSU
Transcribing agency WSU
Modifying agency EQO
-- BD-RjUL
Language of cataloging eng
041 ## - LANGUAGE CODE
Language code of text/sound track or separate title eng
082 04 - DEWEY DECIMAL CLASSIFICATION NUMBER
Classification number 914.1
Author mark and year MOI 1947
090 ## - LOCALLY ASSIGNED LC-TYPE CALL NUMBER (OCLC); LOCAL CALL NUMBER (OCLC)
Classification number (OCLC) (R) ; Classification number, CALL (RLIN) (NR) DA866
Local cutter number (OCLC) ; Book number/undivided call number, CALL (RLIN) .M85 1934
100 1# - MAIN ENTRY--PERSONAL NAME
Personal name Morton, H. V.
Fuller form of name (Henry Vollam),
Dates associated with a name 1892-1979
9 (RLIN) 72107
245 10 - TITLE STATEMENT
Title In search of Scotland /
Statement of responsibility, etc. H.V. Morton.
250 ## - EDITION STATEMENT
Edition statement Thirty third ed.
260 ## - PUBLICATION, DISTRIBUTION, ETC. (IMPRINT)
Place of publication, distribution, etc. London :
Name of publisher, distributor, etc. Methuen & Co. ltd,
Date of publication, distribution, etc. 1947.
300 ## - PHYSICAL DESCRIPTION
Pagination 288 p :
Illustrations ill. ;
Size 21 cm.
504 ## - BIBLIOGRAPHY, ETC. NOTE
Bibliography, etc includes index.
651 #0 - SUBJECT ADDED ENTRY--GEOGRAPHIC NAME
Geographic name Scotland
General subdivision Description and travel
9 (RLIN) 72108
942 ## - ADDED ENTRY ELEMENTS (KOHA)
Source of classification or shelving scheme Dewey Decimal Classification
Koha item type Books
Holdings
Lost status Source of classification or shelving scheme Damaged status Not for loan Collection code Permanent Location Current Location Shelving location Date acquired Source of acquisition Cost, normal purchase price Total Checkouts Full call number Date last seen Copy number Koha item type
  Dewey Decimal Classification   Added to bundle Non-fiction Central Library, University of Rajshahi Central Library, University of Rajshahi Reading Room 13/02/1956 B.and stratigey 8.90   914.1 MOI 1947 10/03/2014 C-1 Books